|
|
|
|
| LEADER |
00557nam a2200145Ia 4500 |
| 001 |
66745 |
| 008 |
170722s9999 xx 000 0 und d |
| 100 |
|
|
|a Bhaskaran Nair, K.
|
| 245 |
|
|
|a Kalayum Kalavum /
|
| 260 |
|
|
|c 1946.
|
| 653 |
|
|
|a Malayalam Prose
|
| 942 |
|
|
|c GEN
|
| 999 |
|
|
|c 38438
|d 38438
|
| 952 |
|
|
|0 1
|1 0
|4 0
|6 O_326N137X_H6KRH61K
|7 0
|8 KR
|9 51341
|a LIB
|b LIB
|d 2017-08-12
|o O32,6N137x H6(KR)-H6;1(K)
|p 33835
|r 2017-08-12
|w 2017-08-12
|y GEN
|
| 952 |
|
|
|0 0
|1 0
|4 0
|6 O_326N137X_H6KRH61K
|7 0
|8 KR
|9 51342
|a LIB
|b LIB
|d 2017-08-12
|o O32,6N137x H6(KR)-H6;1(K)
|p 34449
|r 2017-08-12
|w 2017-08-12
|y GEN
|